00849 2200313 4500001002100000005001500021035002000036007000300056040001700059100003100076245006600107250001100173300003500184041000800219082000800227084001400235090002000249264002900269336002100298337003000319338002300349650002200372850001000394008004100404020002200445504002400467990002200491990002200513INLIS00000000000491420260516075931 a0010-0222000004ta aSBPUPADbind0 aVina Dwi LaningePengarang1 aPerubahan Sosial Masyarakat Masa Reformasi /cVina Dwi Laning aCet. 1 a68 hal. :billus. ;c17x 25 cm aind a300 a300 VIN p a2x7.1 SUS m 5-8 aJakarta :bCempaka Putih 2rdacontentaTeks 2rdamediaaTanpa Perantara 2rdacarrieraVolume 4aSosial Masyarakat aPUPAD260516 0  a978-979-662-369-3 abibliografi, 68 hlm a25.948/P/DPK/2017 a25.949/H/DPK/2017